[Event "Toronto Reserves"]
[Site "Toronto"]
[Date "1980.02.17"]
[Round "8"]
[White "Vujosevic, Vojan"]
[Black "Paul, Bennet"]
[Result "1-0"]
[WhiteElo "1998"]
[BlackElo "1824"]
[PlyCount "52"]
[EventDate "1980.01.24"]
[EventType "tourn"]
[EventRounds "11"]
[EventCountry "CAN"]
[SourceTitle "EXT 2022"]
[Source "ChessBase"]
[SourceDate "2021.10.06"]
[SourceVersion "1"]
[SourceVersionDate "2021.10.06"]
[SourceQuality "1"]

1. d4 Nf6 2. Bg5 Ne4 3. Bh4 g5 4. Bg3 d6 5. Qd3 Nxg3 6. hxg3 h6 7. Nc3 Bg7 8. e4 Nd7 9. f4 c5 10. Nge2 cxd4 11. Nxd4 Nc5 12. Qe3 g4 13. Bb5+ Kf8 14. 0-0-0 a6 15. Be2 Qa5 16. Kb1 b5 17. e5 Na4 18. Nd5 b4 19. Nc6 Qc5 20. Qxc5 Nxc5 21. Ndxe7 Be6 22. f5 Bd7 23. f6 dxe5 24. fxg7+ Kxg7 25. Rd5 b3 26. Rxc5 bxa2+ 1-0

[Event "Toronto Reserves"]
[Site "Toronto"]
[Date "1980.01.27"]
[Round "2"]
[White "Murray, Robert"]
[Black "Vujosevic, Vojan"]
[Result "0-1"]
[WhiteElo "1857"]
[BlackElo "1998"]
[PlyCount "54"]
[EventDate "1980.01.24"]
[EventType "tourn"]
[EventRounds "11"]
[EventCountry "CAN"]
[SourceTitle "EXT 2022"]
[Source "ChessBase"]
[SourceDate "2021.10.06"]
[SourceVersion "1"]
[SourceVersionDate "2021.10.06"]
[SourceQuality "1"]

1. e4 c5 2. Nf3 e6 3. d4 cxd4 4. Nxd4 Nf6 5. Nc3 Nc6 6. Ndb5 Bb4 7. a3 Bxc3+ 8. Nxc3 d5 9. exd5 exd5 10. Bg5 0-0 11. Be2 d4 12. Ne4 Qa5+ 13. b4 Qe5 14. Nxf6+ gxf6 15. Bh6 Re8 16. g4 Kh8 17. h3 d3 18. cxd3 Nd4 19. Be3 Nc2+ 20. Kf1 Qxa1 21. Qxa1 Nxa1 22. Bd1 Be6 23. g5 Rac8 24. gxf6 Nc2 25. Bxc2 Rxc2 26. Bh6 Ra2 27. Rh2 Bd5 0-1